| 000 | 00557nam a2200169 4500 | ||
|---|---|---|---|
| 001 | 121741 | ||
| 003 | ES-MaACL | ||
| 005 | 20230906191819.0 | ||
| 007 | t| | ||
| 008 | 070214s1977 sp r ||||1| spa d | ||
| 100 | 1 |
_aPortillo, Miguel J. _993260 |
|
| 245 | 1 | 1 |
_a¿Viaje al Edén? _b: Turquía, Afghanistán, Kathmandu, India, Ceylán... / _cMiguel J. Portillo, Carlos Arnal. |
| 260 |
_aBarcelona : _bProducciones Editoriales, _c1977. |
||
| 300 |
_a234 p. ; _c18 cm + _e10 maps. |
||
| 700 | 1 |
_aArnal, Carlos. _923026 |
|
| 852 |
_aES-MaACL _jA-7222 _bR.96325 |
||
| 999 |
_c121741 _d121741 |
||